Mort Subite : les Personnages possédant un Fruit du Démon dans One Pie - Statistiques

Statistiques générales
  • Ce quiz a été pris 90 fois
  • Le résultat moyen est 11 sur 15
Answers on the Grid
Answers color-coded by a green-red scale on the quiz's grid according to % correct below.
Akainu
Sugar
Garp
Luffy
Zoro
Law
Kid
Chopper
Ryokugyu
Oden
Barbe Blanche
Roger
Sabo
Karasu
Shanks
Vergo
Franky
Rayleigh
Perona
Kizaru
Gaban
Sengoku
Koby
Camel
Jinbei
Fujitora
Sanji
Crocus
Zunesha
Kinemon
 
Statistiques - réponses
Réponse % Correct
Luffy
98%
Akainu
91%
Barbe Blanche
91%
Chopper
91%
Law
89%
Kid
80%
Ryokugyu
74%
Sabo
72%
Sugar
67%
Kizaru
61%
Perona
57%
Sengoku
57%
Fujitora
52%
Kinemon
41%
Karasu
37%
Aucun quiz correspondant
Distribution des résultats
% des personnes avec chaque résultat
Percentile par nombre de réponses
Votre historique - résultats
Vous n’avez pas pris ce quiz